| 000 | 00627nam a2200181Ia 4500 | ||
|---|---|---|---|
| 008 | 151018s9999 xx 000 0 und d | ||
| 082 |
_bRBASDV49187 _a891.432 |
||
| 100 | _aदत्तात्रय हरदास | ||
| 245 | _aदादा जी कि अदालत | ||
| 250 | _b1 | ||
| 260 |
_bअशिका प्रकाशन _c2009 |
||
| 300 | _a24 | ||
| 600 | _aदत्तात्रय हरदास | ||
| 630 | _aदादा जी कि अदालत | ||
| 700 | _aदत्तात्रय हरदास | ||
| 730 | _aदादा जी कि अदालत | ||
| 942 | _cBOOK | ||
| 999 |
_c1048310 _d1048307 |
||